000 01002cam a2200217 4500
008 030206n2003 000 0 eng u
035 _a(Sirsi) u121261
245 _aBoost for community energy schemes
260 _c2003
490 _aDEFRA News Release
_v(43/03) 6 February 2003, (2)
520 _aGovernment announces a £5.2m boost for energy saving schemes with grants that will pay for 10 new projects. These are based around the country including a community heating network in Chesterfield run on methane gas from a landfill site and £93 222 for the Royal Southampton Hospital. For the press release: http://www.gnn.gov.uk/gnn/national.nsf/Daily+News/AE45A38C07CECAC980256CC50040444C
590 _aWB
650 _aENERGY SAVING
650 _aLOW INCOME HOUSEHOLDS
650 _aHOSPITALS
650 _aPUBLIC BUILDINGS
650 _aGREENHOUSE GASES
650 _aCOST-EFFICIENCY
690 _aENVIRONMENTAL AND LAND CONSULTANCY-ENERGY-ENERGY USE-ENERGY EFFICIENCY
942 _n0
999 _c72071
_d72071